000
00268nam a2200121Ia 4500
008
190216s9999||||xx |||||||||||||| ||und||
100
_a
Rai.R.N
245
0
_a
Arithmatic Algebra-Part 2
260
_b
Null
_c
1968
300
_a
216
650
_a
Mathematics
942
_c
BK
999
_c
30478
_d
30478